000
00297nam a2200109 4500
008
160625b xxu||||| |||| 00| 0 eng d
100
_9
1122
_a
Ferris, H
245
_a
Favorite Poems Old and New
260
_a
N.Y
_b
Doubleday & Com.Inc.
_c
1957
300
_a
Favorite Poems Old and New
942
_2
ddc
_c
BK
999
_c
906
_d
906